000 00968cam a2200301 a 4500
001 3037776
003 ARRUPE
005 20151030113821.0
008 940808s1994 enk b 001 0 eng d
010 _a 95106767
020 _a1853962414
022 _a9781853961151
035 _a(OCoLC)30901245
040 _aMiYEM
_cMiYEM
_dDLC
042 _alccopycat
050 0 4 _aLB1564.G7
_bK29
082 0 0 _a372.190941
_220
100 _aKelly, A. V.
_920816
245 0 4 _aThe National Curriculum
_bA critical review
_cby Kelly, A. V.
260 _aLondon :
_bP. Chapman,
_cc1990.
300 _axii, 147p. ;
_c21 cm.
650 0 _aEducation
_xCurricula
_zGreat Britain.
_920793
650 0 _aEducation and state
_zGreat Britain.
_920794
700 1 _aKelly, A. V.
_q(Albert Victor)
_920817
906 _a7
_bcbc
_ccopycat
_d2
_encip
_f19
_gy-gencatlg
942 _2lcc
_cMONOGRAPH
999 _c123706
_d123706